Points culminants massifs des Alpes occidentales - Statistiques

Statistiques générales
  • Ce quiz a été pris 71 fois
  • Le résultat moyen est 12 sur 42
Statistiques - réponses
Massif Altitude Point culminant % Correct
Mont Blanc 4806 m Mont Blanc
98%
Ecrins 4101 m Barre des Écrins
75%
Monts de Vaucluse 1910 m Mont Ventoux
65%
Grand Paradis 4061 m Grand Paradis
55%
Vanoise 3855 m Grande Casse
53%
Belledonne 2977 m Grand pic de Belledonne
50%
Vercors 2341 m Grand Veymont
50%
Aravis 2750 m Pointe Percée
50%
Alpes cotiennes 3841 m Mont Viso
48%
Chartreuse 2082 m Chamechaude
45%
Arves 3514 m Aiguilles d'Arves
43%
Dévoluy 2789 m Grande Tête de l'Obiou
40%
Pelat 3051 m Mont Pelat
40%
Bauges 2217 m Pointe d'Arcalod
38%
Aiguilles rouges 2965 m Aiguille du Belvédère
33%
Lauziére 2829 m Grand pic de la Lauzière
33%
Taillefer 2857 m Taillefer
33%
Chambeyron 3412 m Aiguille de Chambeyron
30%
Cerces 3228 m Grand Galibier
28%
Haut-Giffre 3257 m Haute Cime
28%
Alpes grées 3752 m Pointe de Charbonnel
28%
Luberon 1125 m Mourre Nègre
25%
Sainte-Victoire 1011 m Pic des Mouches
23%
Bornes 2438 m Pointe Blanche
23%
Trois-Evêchés 2961 m Tête de l'Estrop
23%
Diois 2051 m Jocou
20%
Alpilles 496 m Les Opies
20%
Mercantour 3297 m Mont Argentera
20%
Chablais 2466 m Hauts-Forts
18%
Beaufortain 2995 m Le Roignais
15%
Grandes rousses 3465 m Pic Bayle
15%
Queyras 3320 m Pic de Rochebrune
13%
Escreins 3385 m Pics de la Font Sancte
13%
Mont-Cenis 3612 m Pointe de Ronce
13%
Alpes ligures 2650 m Pointe Marguareis
13%
Parpaillon 3046 m Grand Bérard
10%
Préalpes de Castellane 2115 m Les Monges
8%
Bochaine 2453 m Rocher rond
8%
Baronnies 1622 m Montagne de Mare
5%
Préalpes de Digne 1996 m Puy de Rent
5%
Sainte-Baume 1148 m Joug de l'Aigle
3%
Préalpes de Nice 2080 m Pointe des Trois Communes
3%
Aucun quiz correspondant
Distribution des résultats
% des personnes avec chaque résultat
Percentile par nombre de réponses
Votre historique - résultats
Vous n’avez pas pris ce quiz